Southville International School and Colleges
Your cart is empty.
  • Cart
  • Lists
    Public lists Eva Luna New books Lux_list list_1
    Your lists Log in to create your own lists
  • Log in to your account
  • Your cookies
  • Search history
Southville International School and Colleges
  • Advanced search
  • Recent comments
  • Most popular
  • Libraries

Log in to your account

Log in with GOOGLE


If you do not have an external account, but do have a local account, you can still log in:

  1. Home
  2. MARC view: Brunner & Suddarth's :
Normal view MARC view ISBD view

Brunner & Suddarth's : (Record no. 115814)

[ view plain ]
MARC details
000 -LEADER
fixed length control field 00711nam a22002417a 4500
003 - CONTROL NUMBER IDENTIFIER
control field OSt
005 - DATE AND TIME OF LATEST TRANSACTION
control field 20140506150844.0
008 - FIXED-LENGTH DATA ELEMENTS--GENERAL INFORMATION
fixed length control field 140506b xxu||||| |||| 00| 0 eng d
020 ## - INTERNATIONAL STANDARD BOOK NUMBER
International Standard Book Number 9780781752664
050 ## - LIBRARY OF CONGRESS CALL NUMBER
Classification number RT 41
Item number .T46 2004 vol.1
100 ## - MAIN ENTRY--PERSONAL NAME
Personal name Smeltzer, Suzanne C.
245 ## - TITLE STATEMENT
Title Brunner & Suddarth's :
Remainder of title textbook of medical-surgical nursing /
Statement of responsibility, etc Suzanne C. Smeltzer.
250 ## - EDITION STATEMENT
Edition statement 10th ed.
260 ## - PUBLICATION, DISTRIBUTION, ETC. (IMPRINT)
Place of publication, distribution, etc Philadelphia :
Name of publisher, distributor, etc Lippincott Williams & Wilkins,
Date of publication, distribution, etc c2008.
300 ## - PHYSICAL DESCRIPTION
Extent xxix, 2630, 109 p. :
Other physical details ill. ;
Dimensions 26 cm.
521 ## - TARGET AUDIENCE NOTE
Target audience note
650 ## - SUBJECT ADDED ENTRY--TOPICAL TERM
Topical term or geographic name as entry element Nursing.
650 ## - SUBJECT ADDED ENTRY--TOPICAL TERM
Topical term or geographic name as entry element Surgical nursing.
650 ## - SUBJECT ADDED ENTRY--TOPICAL TERM
Topical term or geographic name as entry element Nursing Care.
650 ## - SUBJECT ADDED ENTRY--TOPICAL TERM
Topical term or geographic name as entry element Perioperative Nursing.
942 ## - ADDED ENTRY ELEMENTS (KOHA)
Source of classification or shelving scheme Library of Congress Classification
Koha item type Books
Holdings
Withdrawn status Lost status Source of classification or shelving scheme Damaged status Home library Current library Shelving location Date acquired Source of acquisition Total Checkouts Full call number Barcode Date last seen Copy number Price effective from Koha item type
    Library of Congress Classification   Archives Archives   05/06/2014 Donation   RT 41 .T46 2004 vol.1 C4680 05/15/2018 1 05/06/2014 Books

Brunner & Suddarth's :

APA

Smeltzer S. C., . (2008). Brunner & Suddarth's. Philadelphia: Lippincott Williams & Wilkins.

Chicago

Smeltzer Suzanne C, . 2008. Brunner & Suddarth's. Philadelphia: Lippincott Williams & Wilkins.

Harvard

Smeltzer S. C., . (2008). Brunner & Suddarth's. Philadelphia: Lippincott Williams & Wilkins.

MLA

Smeltzer Suzanne C, . Brunner & Suddarth's. Philadelphia: Lippincott Williams & Wilkins. 2008.

  • Place hold
  • Print
  • Cite
  • Add to your cart (remove)
  • Save record
    BIBTEX Dublin Core MARCXML MARC (non-Unicode/MARC-8) MARC (Unicode/UTF-8) MARC (Unicode/UTF-8, Standard) MODS (XML) RIS
  • More searches
    Search for this title in:
    Other Libraries (WorldCat) Other Databases (Google Scholar) Online Stores (Bookfinder.com) Open Library (openlibrary.org)

Exporting to Dublin Core...

SOUTHVILLE LIBRARY

Southville International School and Colleges Library

1281 Tropical Ave. Cor. Luxembourg St., BF Homes International, Las Pinas City

Tel. No. 8256374 / 252358 Loc. 117/146

Powered by Koha